| 000 | 00585 a2200205 4500 | ||
|---|---|---|---|
| 001 | 132747 | ||
| 003 | OSt | ||
| 005 | 20220331154218.0 | ||
| 008 | |||
| 020 | _a9780387307695 | ||
| 082 |
_a515.35 _bC43O |
||
| 100 | 1 | _aChicone, Carmen | |
| 245 | 1 |
_aOrdinary differential equations with applications _cby Carmen Chicone |
|
| 250 | _a2nd ed. | ||
| 260 |
_aNew Delhi _bSpringer _c2006 |
||
| 300 | _a636p. | ||
| 490 | _aTexts in applied mathematics | ||
| 690 | _aDifferential equations; Physics; Differentiable dynamical systems | ||
| 942 |
_2ddc _cBK |
||
| 999 |
_c7097 _d7097 |
||